00877nam a2200217 a 450000100100000000500170001000800410002702000180006804000250008624501280011126000410023930000210028050000210030150400730032250400290039570000390042470000460046371000280050995201050053799900170064200004119620201002034710.0130925s2008 sp 001 0 spa d a9788496515628 aDO-SdBNPbspacBNPHU00aCien años de política cientifica en España /cedición a cargo de Ana Romero de Pablos, María Jesús Santesmases. aEspaña :bFundación BBVA,c2008. a415 p. ;c25 cm. aIncluye índice aIncluye referencias bibliográficas y notas al pie de las páginas aBibliografia p. 385-398.1 aRomero de Pablos, Ana,eed.9677691 aSantesmases, María Jesús,eed.9677702 aFundación BBVA956899 001050718MOaGRbGRcCTd2013-09-25iLF1l0o p41196-10r2020-06-25w2020-06-25y1ZNo se presta c40686d40686